Los fundamentos de la libertad

Saved in:
Bibliografiske detaljer
Hovedforfatter: Hayek, Friedrich August von (Author)
Format: Bog
Sprog:spansk
Udgivet: Madrid Unión 1975
Udgivelse:4a. ed
Fag:
Tags: Tilføj Tag
Ingen Tags, Vær først til at tagge denne postø!

MARC

LEADER 00000nam a2200000 a 4500
001 UCS8764
003 CL-VaPUC
008 971107e19750000SP |||||||||||||||||spa|d
082 0 4 |a 323.44  |b HAY  |2 21 
100 |a Hayek, Friedrich August von  |e author  |9 295209 
245 1 4 |a Los fundamentos de la libertad 
250 |a 4a. ed 
300 |a 548 p 
942 |c BK 
945 |d 19971107 00:00:00  |a aolguin 
260 |a Madrid  |b Unión  |c 1975 
650 0 |a Libertad  |9 255686 
650 7 |a FILOSOFIA POLITICA  |2 CL-VaPUC  |9 393534 
650 0 |a Derecho civil  |9 255013 
583 |a last modification  |c 20161026 01:55:50  |k Rodrigo Vera 
999 |c 262973  |d 262971 
952 |0 0  |1 0  |4 0  |6 323_440000000000000_HAY_1975  |7 0  |8 DER_TF  |9 292041  |a BIBDER  |b BIBDER  |d 2019-11-19  |i 1897098  |l 1  |o 323.44 HAY 1975  |p 1897098  |r 2023-01-25  |s 2022-08-17  |w 2019-11-19  |x Ubicación 4to Piso  |y BK  |z Estos recursos deben solicitarse con anticipación  |k DER